[Event "Vellmar Int 4th op  A"]
[Site "Vellmar"]
[Date "2012.07.28"]
[Round "5.3"]
[White "Schulz, Karsten"]
[Black "Meyner, Hannes"]
[Result "1/2-1/2"]
[WhiteElo "2342"]
[BlackElo "2217"]
[PlyCount "35"]
[EventDate "2012.07.26"]
[EventType "swiss"]
[EventRounds "7"]
[EventCountry "GER"]

{DWZ: 2292(FM) - 2098} 1. c4 Nf6 2. g3 e6 3. Bg2 d5 4. Nf3 Be7 5. O-O O-O 6. b3
d4 7. Bb2 c5 8. e3 Nc6 9. exd4 cxd4 10. Re1 a5 11. Ne5 Nxe5 12. Rxe5 Nd7 13.
Re4 e5 14. d3 Bd6 15. Re1 Nc5 16. Ba3 Qc7 17. Bxc5 Bxc5 18. Nd2 1/2-1/2

[Event "Vellmar Int 4th op  A"]
[Site "Vellmar"]
[Date "2012.07.28"]
[Round "5.4"]
[White "Berthold, Andreas"]
[Black "Laubsch, Bernd"]
[Result "0-1"]
[WhiteElo "2150"]
[BlackElo "2302"]
[PlyCount "54"]
[EventDate "2012.07.26"]
[EventType "swiss"]
[EventRounds "7"]
[EventCountry "GER"]

{DWZ: 2085 - 2261(FM)} 1. d4 Nf6 2. g3 g6 3. Bg2 d5 4. c4 Bg7 5. cxd5 Nxd5 6.
Nf3 Nb6 7. O-O Nc6 8. e3 O-O 9. Nbd2 e5 10. dxe5 Nxe5 11. Nxe5 Bxe5 12. Qe2 a5
13. Rd1 Qe7 14. Nc4 Nxc4 15. Qxc4 c6 16. e4 Qb4 17. Qe2 a4 18. a3 Qb3 19. Rd3
Qb5 20. Qd1 Bg4 21. f3 Be6 22. Bh6 Bc4 23. Rd7 Qb6+ 24. Kh1 Rfd8 25. Rb1 Ba2
26. Ra1 Bb3 27. Rxd8+ Rxd8 0-1

[Event "Vellmar Int 4th op  A"]
[Site "Vellmar"]
[Date "2012.07.28"]
[Round "5.5"]
[White "Schnegelsberg, Karl Heinz"]
[Black "Baciu, Diana"]
[Result "1-0"]
[WhiteElo "2042"]
[BlackElo "2211"]
[PlyCount "105"]
[EventDate "2012.07.26"]
[EventType "swiss"]
[EventRounds "7"]
[EventCountry "GER"]

{DWZ: 1941 - - (WFM;MDA;geb.1994)} 1. Nf3 d5 2. g3 Nf6 3. Bg2 Nbd7 4. O-O e5 5.
d3 Bd6 6. Nbd2 c6 7. e4 O-O 8. c3 Re8 9. Re1 Qc7 10. Qc2 dxe4 11. dxe4 a5 12.
Nc4 Bf8 13. a4 b5 14. Ne3 Bb7 15. axb5 cxb5 16. Nd5 Nxd5 17. exd5 Nf6 18. Qf5
Bd6 19. Ng5 Qd8 20. Be3 g6 21. Qd3 Qd7 22. Bb6 h6 23. Bh3 Qe7 24. Ne4 Nxd5 25.
Nxd6 Qxd6 26. Bxa5 Qc5 27. Bg2 f5 28. Bf1 Bc6 29. b4 Qe7 30. c4 bxc4 31. Qxc4
Bb7 32. Rad1 Qf7 33. Rd2 Rac8 34. Qa2 Nf6 35. Qa4 Ba8 36. b5 Qb7 37. f3 Qxf3
38. Bg2 Qg4 39. Qb3+ Kg7 40. h3 Qc4 41. Qxc4 Rxc4 42. Bd8 Bxg2 43. Kxg2 Rc8 44.
Red1 e4 45. Rd6 Ng8 46. Rd7+ Kf8 47. b6 e3 48. b7 Rb8 49. Bc7 Nf6 50. Bxb8 Nxd7
51. Rxd7 Rxb8 52. Rc7 e2 53. Kf2 1-0

[Event "Vellmar Int 4th op  A"]
[Site "Vellmar"]
[Date "2012.07.28"]
[Round "5.6"]
[White "Aslan, Benjamin"]
[Black "Kobs, Stephan"]
[Result "1-0"]
[WhiteElo "2156"]
[BlackElo "2035"]
[PlyCount "59"]
[EventDate "2012.07.26"]
[EventType "swiss"]
[EventRounds "7"]
[EventCountry "GER"]

{DWZ: 2238 - 1898} 1. d4 Nf6 2. Nf3 g6 3. c4 c5 4. d5 b5 5. Nfd2 bxc4 6. e4 d6
7. Nc3 Bg7 8. Nxc4 O-O 9. Be2 Nbd7 10. a4 Nb6 11. Ne3 Rb8 12. O-O e6 13. a5 Na8
14. dxe6 Bxe6 15. Qd3 Nc7 16. Rd1 Bb3 17. Rd2 Rb4 18. e5 Rd4 19. exf6 Bxf6 20.
Qb1 d5 21. Bd1 Bxd1 22. Ncxd1 Re8 23. Qc2 Rde4 24. Qxc5 d4 25. Nf1 Re1 26. Rd3
Ne6 27. Qc6 Qe7 28. Bd2 Rxf1+ 29. Kxf1 Nc5 30. Qf3 1-0

[Event "Vellmar Int 4th op  A"]
[Site "Vellmar"]
[Date "2012.07.28"]
[Round "5.7"]
[White "Plueg, Andreas"]
[Black "Haselhorst, Helmut"]
[Result "0-1"]
[WhiteElo "2303"]
[BlackElo "2089"]
[PlyCount "108"]
[EventDate "2012.07.26"]
[EventType "swiss"]
[EventRounds "7"]
[EventCountry "GER"]

{DWZ: 2292(FM) - 1985(geb.1948)} 1. d4 Nf6 2. c4 g6 3. Nc3 Bg7 4. e4 d6 5. Be2
O-O 6. Be3 Nc6 7. h3 a6 8. d5 Ne5 9. g4 c5 10. f4 Ned7 11. g5 Ne8 12. h4 Nc7
13. h5 b5 14. Rc1 bxc4 15. Bf3 Rb8 16. Qe2 Nb6 17. Qh2 Re8 18. hxg6 hxg6 19.
Qh7+ Kf8 20. f5 Nbxd5 21. fxg6 Nxe3 22. gxf7 Kxf7 23. Bh5+ Kf8 24. Rh2 e6 25.
Rf2+ Nf5 26. Bxe8 Qxg5 27. Nge2 Nxe8 28. exf5 exf5 29. Kf1 Rxb2 30. Rd1 Qh6 31.
Qxh6 Bxh6 32. Ne4 Ke7 33. N4g3 Rxa2 34. Nxf5+ Bxf5 35. Rxf5 Nf6 36. Nc3 Ra3 37.
Nd5+ Nxd5 38. Rfxd5 Bf4 39. Rh5 c3 40. Rh3 Be5 41. Ke2 Kd7 42. Rh7+ Kc6 43. Kd3
Ra2 44. Rc1 Kd5 45. Rd1 a5 46. Rh4 c4+ 47. Ke3+ Kc5 48. Rh7 c2 49. Rc1 Kb4 50.
Rh4 Kc3 51. Rch1 a4 52. Ke4 a3 53. R4h3+ Kd2 54. Rg1 Ra1 0-1

[Event "Vellmar Int 4th op  A"]
[Site "Vellmar"]
[Date "2012.07.28"]
[Round "5.8"]
[White "Orwatsch, Gerhard"]
[Black "Hoffmann, Lukas"]
[Result "1/2-1/2"]
[WhiteElo "2072"]
[BlackElo "2173"]
[PlyCount "53"]
[EventDate "2012.07.26"]
[EventType "swiss"]
[EventRounds "7"]
[EventCountry "GER"]

{DWZ: 1977(geb.1946) - 2181} 1. d4 d5 2. Bf4 Nf6 3. Nf3 g6 4. h3 Bg7 5. e3 O-O
6. Nbd2 c5 7. c3 b6 8. a4 Nc6 9. Bd3 Nd7 10. O-O Bb7 11. Re1 e5 12. Nxe5 Ndxe5
13. dxe5 Nxe5 14. Bf1 Qe7 15. a5 Rfd8 16. axb6 axb6 17. Qb3 Qe6 18. Be2 h6 19.
Nf3 Nc4 20. Qc2 Bc6 21. Nd2 Nd6 22. Bf1 Ne4 23. Nxe4 dxe4 24. Bc7 Rdc8 25. Bg3
Bd5 26. c4 Bb7 27. Red1 1/2-1/2

[Event "Vellmar Int 4th op  A"]
[Site "Vellmar"]
[Date "2012.07.28"]
[Round "5.9"]
[White "Hahn, Markus"]
[Black "Keil, Roland"]
[Result "1-0"]
[WhiteElo "2146"]
[BlackElo "2024"]
[PlyCount "79"]
[EventDate "2012.07.26"]
[EventType "swiss"]
[EventRounds "7"]
[EventCountry "GER"]

{DWZ: 2109(geb.1994) - 1950} 1. d4 d5 2. c4 e6 3. Nf3 Nf6 4. g3 Be7 5. Bg2 dxc4
6. O-O O-O 7. Qa4 a6 8. Qxc4 b5 9. Qc2 Bb7 10. Bd2 Be4 11. Qc1 Nc6 12. Be3 Nb4
13. Nbd2 Bb7 14. Nb3 Be4 15. Nbd2 Bb7 16. Bg5 Ne4 17. Bxe7 Qxe7 18. a3 Nxd2 19.
Qxd2 Bxf3 20. Bxf3 Nd5 21. Rac1 Ra7 22. Bxd5 exd5 23. Rc5 Rd8 24. Rfc1 h5 25.
h4 Rd7 26. R1c2 Rb7 27. Qa5 Rb6 28. Qc3 Rg6 29. Qd3 Rg4 30. Kf1 g6 31. Rc6 Rd6
32. Rxc7 Qf6 33. Rc8+ Kg7 34. Rd2 Re6 35. Qf3 Qe7 36. Qxd5 Rd6 37. Qc5 Qf6 38.
Kg2 Rgxd4 39. Rxd4 Rxd4 40. Qf8+ 1-0

[Event "Vellmar Int 4th op  A"]
[Site "Vellmar"]
[Date "2012.07.28"]
[Round "5.10"]
[White "Halt, David"]
[Black "Stabernack, Joschi"]
[Result "1-0"]
[WhiteElo "2109"]
[BlackElo "1928"]
[PlyCount "87"]
[EventDate "2012.07.26"]
[EventType "swiss"]
[EventRounds "7"]
[EventCountry "GER"]

{DWZ: 2086 - 1859(geb.1995)} 1. e4 e5 2. Nf3 Nf6 3. d4 Nxe4 4. Bd3 d5 5. Nxe5
Bd6 6. Qe2 O-O 7. Be3 Nd7 8. Nxd7 Bxd7 9. Nd2 f5 10. g3 b6 11. c4 c6 12. O-O-O
a5 13. f3 Nf6 14. Nb1 Re8 15. Qf2 Qc7 16. Bg5 Be7 17. Qc2 dxc4 18. Bxc4+ Kh8
19. Rhe1 h6 20. Bd2 c5 21. Bf7 Ba4 22. Qxa4 cxd4+ 23. Qc2 Rec8 24. Bb3 Qd7 25.
Bc3 Bb4 26. Be6 dxc3 27. Nxc3 Rxc3 28. bxc3 Ba3+ 29. Kb1 Qb5+ 30. Qb3 Qc5 31.
Rd2 b5 32. Red1 b4 33. cxb4 axb4 34. Rd8+ Rxd8 35. Rxd8+ Kh7 36. Bg8+ Nxg8 37.
Qxg8+ Kg6 38. Qe6+ Kh7 39. Rd1 h5 40. g4 hxg4 41. fxg4 Qf2 42. Qxf5+ Qxf5+ 43.
gxf5 Kh6 44. Rg1 1-0

[Event "Vellmar Int 4th op  A"]
[Site "Vellmar"]
[Date "2012.07.28"]
[Round "5.11"]
[White "Rieke, Theo"]
[Black "Hagenlueke, Thomas"]
[Result "1/2-1/2"]
[WhiteElo "2140"]
[BlackElo "2023"]
[PlyCount "55"]
[EventDate "2012.07.26"]
[EventType "swiss"]
[EventRounds "7"]
[EventCountry "GER"]

{DWZ: 2042 - 1858} 1. Nf3 d5 2. c4 e6 3. d4 dxc4 4. e3 Nf6 5. Bxc4 c5 6. O-O a6
7. a4 Nc6 8. Qe2 Qb6 9. Rd1 cxd4 10. exd4 Na5 11. Nbd2 Be7 12. Ne5 O-O 13. Ba2
Rd8 14. Ndc4 Nxc4 15. Nxc4 Qc6 16. a5 Qe4 17. Qxe4 Nxe4 18. Be3 Bg5 19. Bxg5
Nxg5 20. f3 h6 21. Rac1 Nh7 22. Nb6 Rb8 23. Rc7 Nf6 24. Rdc1 Bd7 25. d5 exd5
26. Nxd5 Ne8 27. R7c3 Kf8 28. Nc7 1/2-1/2

[Event "Vellmar Int 4th op  A"]
[Site "Vellmar"]
[Date "2012.07.28"]
[Round "5.12"]
[White "Hansen, Victor"]
[Black "Blank, Stefan"]
[Result "1-0"]
[WhiteElo "2112"]
[BlackElo "1903"]
[PlyCount "79"]
[EventDate "2012.07.26"]
[EventType "swiss"]
[EventRounds "7"]
[EventCountry "GER"]

{DWZ: 2099(NOR) - 1762} 1. Nf3 Nf6 2. c4 g6 3. Nc3 Bg7 4. g3 O-O 5. Bg2 d6 6.
d4 a6 7. O-O Nbd7 8. b3 Qe8 9. Bb2 c6 10. Rc1 b6 11. e4 e5 12. dxe5 dxe5 13.
Ba3 c5 14. Nd5 Rb8 15. Re1 Bb7 16. Qe2 Nxd5 17. exd5 Qe7 18. Rcd1 Qd6 19. Ng5
Rbe8 20. Ne4 Qb8 21. b4 Rc8 22. Rb1 f5 23. bxc5 bxc5 24. Ng5 Rfe8 25. Ne6 Bf6
26. Rb3 Qa7 27. Reb1 Ba8 28. g4 e4 29. gxf5 gxf5 30. Qh5 Ne5 31. Qxf5 Qf7 32.
Bxe4 Kh8 33. Rh3 Re7 34. Rxh7+ Qxh7 35. Qxf6+ Qg7+ 36. Nxg7 Rxg7+ 37. Qxg7+
Kxg7 38. Bb2 Kf6 39. f4 Rg8+ 40. Kf2 1-0

[Event "Vellmar Int 4th op  A"]
[Site "Vellmar"]
[Date "2012.07.28"]
[Round "5.13"]
[White "Von Kiedrowski, Klemens"]
[Black "Khudovekov, Stanislav"]
[Result "0-1"]
[WhiteElo "2076"]
[BlackElo "2107"]
[PlyCount "137"]
[EventDate "2012.07.26"]
[EventType "swiss"]
[EventRounds "7"]
[EventCountry "GER"]

{DWZ: 1935 - -(RUS)} 1. c4 f5 2. g3 Nf6 3. Bg2 g6 4. Nc3 Bg7 5. d4 d6 6. f3 O-O
7. e4 e5 8. dxe5 dxe5 9. Qxd8 Rxd8 10. Bg5 c6 11. exf5 gxf5 12. Nge2 Be6 13. b3
Na6 14. O-O h6 15. Be3 Bf8 16. Rfd1 Nc5 17. Rxd8 Rxd8 18. Rd1 Rxd1+ 19. Nxd1 a5
20. Nc1 Kg7 21. Nc3 Nh5 22. Bf1 f4 23. Bf2 fxg3 24. hxg3 Bd6 25. Kg2 Nf6 26.
Nd3 Nfd7 27. Nxc5 Nxc5 28. Be3 Bf5 29. Kf2 h5 30. Bg5 Nd3+ 31. Ke3 Ne1 32. Ne4
Nc2+ 33. Kd2 Bxe4 34. fxe4 Nd4 35. Be2 Kg6 36. Bd8 Bb4+ 37. Kd3 Ne6 38. Bh4 a4
39. Bf3 Nc5+ 40. Kc2 a3 41. Bg2 Be1 42. Be7 Ne6 43. Bxa3 Bxg3 44. Bc1 Bf4 45.
Ba3 Kg5 46. Kd1 Kg4 47. Ke2 Kg3 48. Kf1 h4 49. Bb4 h3 50. Be1+ Kg4 51. Bh1 Bc1
52. Bc3 Kf4 53. Ke2 Ng5 54. Kd3 Nf7 55. b4 Be3 56. Be1 Bd4 57. a4 Kg4 58. b5
Nd8 59. bxc6 Nxc6 60. Ke2 b6 61. Bf3+ Kf4 62. Bh1 Be3 63. Bh4 Nd4+ 64. Kf1 Nf3
65. Be7 Nd2+ 66. Ke2 Nxc4 67. Bb4 Bd4 68. Bf8 Nb2 69. Bh6+ 0-1

[Event "Vellmar Int 4th op  A"]
[Site "Vellmar"]
[Date "2012.07.28"]
[Round "5.14"]
[White "Galkin, Wladislaw"]
[Black "Scholz, Robert"]
[Result "1-0"]
[WhiteElo "2101"]
[BlackElo "1856"]
[PlyCount "35"]
[EventDate "2012.07.26"]
[EventType "swiss"]
[EventRounds "7"]
[EventCountry "GER"]

{DWZ: 2090(geb.1996) - 1819(geb.1999)} 1. c4 e5 2. g3 Nc6 3. Bg2 f5 4. d3 Nf6
5. Nc3 Bb4 6. Bd2 O-O 7. a3 Bxc3 8. Bxc3 d6 9. Nf3 Bd7 10. O-O Qe8 11. Nd2 f4
12. Ne4 Qh5 13. e3 Bg4 14. f3 fxg3 15. Nxg3 Qh4 16. fxg4 Nxg4 17. Bd5+ Kh8 18.
Qe2 1-0

[Event "Vellmar Int 4th op  A"]
[Site "Vellmar"]
[Date "2012.07.28"]
[Round "5.15"]
[White "Cherny, Andrey"]
[Black "Fichte, Wolfgang"]
[Result "1/2-1/2"]
[WhiteElo "2253"]
[BlackElo "1958"]
[PlyCount "135"]
[EventDate "2012.07.26"]
[EventType "swiss"]
[EventRounds "7"]
[EventCountry "GER"]

{DWZ: 2220 - 1828(geb.1951)} 1. d4 d5 2. Nf3 e6 3. c4 f5 4. Ne5 Nf6 5. Nc3 c6
6. Bg5 Be7 7. e3 O-O 8. Bd3 Nbd7 9. Nxd7 Bxd7 10. O-O Qe8 11. f4 h6 12. Bh4 Ng4
13. Bxe7 Qxe7 14. Qe2 g5 15. h3 Nf6 16. c5 g4 17. hxg4 Nxg4 18. Rf3 Kf7 19. Rh3
Rh8 20. b4 b6 21. Ba6 Rab8 22. Rb1 bxc5 23. dxc5 e5 24. Qd2 exf4 25. exf4 Rbe8
26. Ne2 Rhg8 27. Rbb3 Rg6 28. Kf1 Re6 29. Kg1 Rxe2 30. Bxe2 Qxe2 31. Qxe2 Rxe2
32. Rhf3 Rxa2 33. Ra3 Rb2 34. Rxa7 Ke6 35. Rb7 d4 36. g3 Ne3 37. Rb8 Kd5 38.
Rd8 Ke4 39. Rf2 Rb1+ 40. Kh2 Be6 41. Re8 Kd5 42. Ra2 Bf7 43. Rd8+ Kc4 44. g4
Nxg4+ 45. Kg3 Bd5 46. Rc2+ Kd3 47. Rxd5 Kxc2 48. Rxd4 Rb3+ 49. Kh4 Kc3 50. Rd6
Rxb4 51. Rxc6 Rxf4 52. Kh5 Rc4 53. Rc8 Kb4 54. c6 Kb5 55. c7 Kb6 56. Rf8 Kxc7
57. Rxf5 Kd6 58. Rf1 Ke5 59. Ra1 {(=)} Re4 60. Ra5+ Kf4 61. Rb5 Ne5 62. Kxh6
Kf5 63. Kg7 Ke6 64. Rb6+ Ke7 65. Rb7+ Nd7 66. Kg6 Ke6 67. Kg5 Rc4 68. Ra7
1/2-1/2

[Event "Vellmar Int 4th op  A"]
[Site "Vellmar"]
[Date "2012.07.28"]
[Round "5.16"]
[White "Braun, Ingram"]
[Black "Roehl, Rainer"]
[Result "1-0"]
[WhiteElo "1957"]
[BlackElo "2148"]
[PlyCount "34"]
[EventDate "2012.07.26"]
[EventType "swiss"]
[EventRounds "7"]
[EventCountry "GER"]

{DWZ: 1956 - 2090} 1. e4 c5 2. c3 g6 3. d4 cxd4 4. cxd4 d5 5. Nc3 dxe4 6. Bc4
Nf6 7. Qb3 e6 8. d5 exd5 9. Nxd5 Nxd5 10. Bxd5 Qc7 11. Ne2 Bd6 12. Bh6 Nc6 13.
Bg7 Rg8 14. Bf6 Nb4 15. O-O Nxd5 16. Qxd5 Qc6 {(=)} 17. Qd4 $14 {#} Bc5 $4 1-0

[Event "Vellmar Int 4th op  A"]
[Site "Vellmar"]
[Date "2012.07.28"]
[Round "5.17"]
[White "Businger, Paul"]
[Black "Heckmann, Torsten"]
[Result "1/2-1/2"]
[WhiteElo "2074"]
[BlackElo "1929"]
[PlyCount "24"]
[EventDate "2012.07.26"]
[EventType "swiss"]
[EventRounds "7"]
[EventCountry "GER"]

{DWZ: -(SUI) - 1702} 1. e4 d5 2. exd5 Qxd5 3. Nc3 Qd6 4. d4 Nf6 5. Nf3 a6 6.
Be2 Nc6 7. a3 Bf5 8. Be3 O-O-O 9. Qd2 e5 10. O-O-O exd4 11. Nxd4 Nxd4 12. Qxd4
Qxd4 1/2-1/2

[Event "Vellmar Int 4th op  A"]
[Site "Vellmar"]
[Date "2012.07.28"]
[Round "5.18"]
[White "Hecht, Carsten"]
[Black "Rueggeberg, Jan"]
[Result "1-0"]
[WhiteElo "2050"]
[BlackElo "1874"]
[PlyCount "43"]
[EventDate "2012.07.26"]
[EventType "swiss"]
[EventRounds "7"]
[EventCountry "GER"]

{DWZ: 2048(geb.1997) - 1791} 1. e4 Nc6 2. d4 d5 3. exd5 Qxd5 4. Nf3 e5 5. Be3
Bg4 6. Be2 exd4 7. Bxd4 O-O-O 8. Be3 Nf6 9. O-O Qh5 10. Nbd2 Bd6 11. h3 Rhe8
12. Re1 Bxh3 13. gxh3 Qxh3 14. Bf1 Qh5 15. Bg2 Ng4 16. Qe2 f5 17. Qc4 Bg3 18.
Nf1 f4 19. Bc5 Nd4 20. fxg3 Nxf3+ 21. Bxf3 Rxe1 22. Rxe1 1-0

[Event "Vellmar Int 4th op  A"]
[Site "Vellmar"]
[Date "2012.07.28"]
[Round "5.19"]
[White "Reimers, Juri"]
[Black "Brueckmann, Gerd"]
[Result "1/2-1/2"]
[WhiteElo "1720"]
[BlackElo "2048"]
[PlyCount "63"]
[EventDate "2012.07.26"]
[EventType "swiss"]
[EventRounds "7"]
[EventCountry "GER"]

{DWZ: 1753(geb.1999) - 1858} 1. c4 e5 2. g3 Nf6 3. Bg2 d5 4. cxd5 Nxd5 5. Nc3
Nb6 6. d3 Be7 7. Bd2 O-O 8. Rb1 c5 9. Nf3 Nc6 10. O-O Be6 11. Ne1 Qd7 12. f4
Bh3 13. Ne4 Bxg2 14. Nxg2 Rad8 15. fxe5 Nxe5 16. Bc3 Ng4 17. h3 f5 18. Nd2 Nf6
19. Nf4 Kh8 20. Qb3 Nbd5 21. Nc4 Nxf4 22. Rxf4 Nd5 23. Rf3 Nxc3 24. bxc3 b6 25.
Rbf1 Qe6 26. Ne3 Qxb3 27. axb3 g6 28. c4 Kg7 29. Nd5 Bd6 30. Ra1 Rf7 31. Kg2
Re8 32. Ra2 1/2-1/2

[Event "Vellmar Int 4th op  A"]
[Site "Vellmar"]
[Date "2012.07.28"]
[Round "5.20"]
[White "Humburg, Philipp"]
[Black "Klueting, Reiner"]
[Result "1/2-1/2"]
[WhiteElo "1839"]
[BlackElo "2005"]
[PlyCount "119"]
[EventDate "2012.07.26"]
[EventType "swiss"]
[EventRounds "7"]
[EventCountry "GER"]

{DWZ: 1841(geb.1996) - 1906} 1. e4 d5 2. exd5 Nf6 3. d4 Nxd5 4. c4 Nb6 5. Nc3
e5 6. dxe5 Qxd1+ 7. Nxd1 Be6 8. Ne3 Nc6 9. Nf3 Bc5 10. b3 Nxe5 11. Nxe5 Bd4 12.
Rb1 Bc3+ 13. Ke2 Bxe5 14. g3 O-O {(=)} 15. Bg2 c6 16. Rd1 Rad8 17. Ba3 Rfe8 18.
Bc5 Bf6 19. Bf3 Nd7 20. Bd6 Bf5 21. Rbc1 Bb2 22. Kf1 Bh3+ 23. Bg2 Bxg2+ 24.
Kxg2 Bxc1 25. Rxc1 Nf6 26. Nf5 Ne4 27. Bb4 c5 28. Be1 Rd3 29. Ne3 Nf6 30. Kf3
b6 31. h3 h6 32. Ke2 {(=)} Rd7 33. Kf3 Ne4 34. Kg2 Ng5 35. Bc3 Rxe3 36. fxe3
Rd3 37. Rc2 Rxe3 38. Bb2 f6 39. Bc1 Rd3 40. Re2 Kf7 41. Bf4 Ne6 42. Bb8 Nd4 43.
Rb2 Nc6 44. Bc7 g5 45. g4 Rd7 46. Bg3 Ke6 47. Re2+ Ne5 48. Bxe5 fxe5 49. Kf3
Rd3+ 50. Re3 Rd2 51. a4 Rd4 52. Re4 Kf6 53. Ke3 Ke6 54. Kf3 Rd1 55. Re3 a6 56.
Ke2 Rd7 57. Rd3 Rxd3 58. Kxd3 e4+ 59. Kxe4 a5 60. Kf3 1/2-1/2

[Event "Vellmar Int 4th op  A"]
[Site "Vellmar"]
[Date "2012.07.28"]
[Round "5.22"]
[White "Feicht, Arno"]
[Black "Wegelin, Reinhard"]
[Result "1-0"]
[WhiteElo "2073"]
[BlackElo "1958"]
[PlyCount "121"]
[EventDate "2012.07.26"]
[EventType "swiss"]
[EventRounds "7"]
[EventCountry "GER"]

{DWZ: 1932(geb.1949) - 1981(SUI)} 1. e4 d5 2. exd5 Nf6 3. Nf3 Bg4 4. Bb5+ c6 5.
dxc6 Nxc6 6. h3 Bd7 7. Nc3 e6 8. d3 Bc5 9. O-O O-O 10. Bg5 Be7 11. Re1 Qb6 12.
a4 a6 13. a5 Qc5 14. Be3 Qh5 15. Bxc6 bxc6 16. Bb6 Nd5 17. Re5 Nxc3 18. bxc3 f5
19. Bc5 Bxc5 20. Rxc5 Rfb8 21. Ne5 Qxd1+ 22. Rxd1 Be8 23. Nc4 Rb5 24. d4 Rd8
25. Rxb5 cxb5 26. Ne5 Rc8 27. Rd3 g6 28. Kf1 Bc6 29. f3 Bd5 30. Ke1 Bc4 31. Rd1
Bd5 32. Kd2 Rc7 33. h4 Kg7 34. Nd3 Rc4 35. Nc5 b4 36. Rb1 bxc3+ 37. Kd3 e5 38.
Nb3 exd4 39. Nxd4 Ra4 40. Ne2 Rxa5 41. Nxc3 Ra3 42. Kd4 Ba8 43. Rb8 Bc6 44. Rc8
Ba4 45. Nd5 Ra2 46. Rc7+ Kf8 47. c4 Rxg2 48. Ke5 Rb2 49. Rxh7 Bc6 50. Kf6 Bxd5
51. cxd5 Rb6+ 52. Ke5 a5 53. Ra7 Rb3 54. f4 Rb5 55. Ke6 Rb4 56. Ra8+ Kg7 57. d6
Rxf4 58. d7 Rd4 59. d8=Q Rxd8 60. Rxd8 f4 61. Rd4 1-0

[Event "Vellmar Int 4th op  A"]
[Site "Vellmar"]
[Date "2012.07.28"]
[Round "5.23"]
[White "Giese, Tilman"]
[Black "Weber, Andreas"]
[Result "1-0"]
[WhiteElo "2067"]
[BlackElo "1881"]
[PlyCount "57"]
[EventDate "2012.07.26"]
[EventType "swiss"]
[EventRounds "7"]
[EventCountry "GER"]

{DWZ: 1987 - 1714} 1. Nf3 d5 2. g3 c5 3. Bg2 Nc6 4. d3 e5 5. Nbd2 f5 6. O-O Nf6
7. c3 Be7 8. a3 O-O 9. b4 e4 10. Ne1 Qe8 11. Qb3 Kh8 12. Nc2 Qh5 13. Re1 f4 14.
dxe4 fxg3 15. fxg3 c4 16. Qa2 Ng4 17. Nf1 Rxf1+ 18. Kxf1 Bd7 19. h3 Rf8+ 20.
Bf4 Nh6 21. exd5 Ne5 22. Kg1 Ng6 23. e3 Bxh3 24. Nd4 Bxg2 25. Qxg2 Ne5 26. Qe4
Nhg4 27. Ra2 Bd6 28. Rf1 Nf6 29. Qf5 1-0

[Event "Vellmar Int 4th op  A"]
[Site "Vellmar"]
[Date "2012.07.28"]
[Round "5.24"]
[White "Lenz, Jonas"]
[Black "Krausse, Eckhard"]
[Result "1/2-1/2"]
[WhiteElo "1952"]
[BlackElo "2008"]
[PlyCount "92"]
[EventDate "2012.07.26"]
[EventType "swiss"]
[EventRounds "7"]
[EventCountry "GER"]

{DWZ: 1825(geb.1995) - 1961} 1. e4 c5 2. Nf3 d6 3. d4 cxd4 4. Nxd4 a6 5. Nc3 e5
6. Nb3 Be7 7. Be2 Be6 8. O-O Nf6 9. f4 b5 10. fxe5 dxe5 11. Qxd8+ Bxd8 12. a3
Bb6+ 13. Kh1 h6 14. Bd2 O-O 15. Bxh6 Nbd7 16. Bg5 Rac8 17. Bd3 Ng4 18. Nd1 g6
19. h3 Kg7 20. Rf3 Rh8 21. Bd2 {(=)} Rh5 22. Ne3 Nxe3 23. Bxe3 Bxe3 24. Rxe3 f5
25. exf5 gxf5 26. Nd4 Kf6 27. Nxe6 {(=)} Kxe6 28. a4 b4 29. a5 Nc5 30. Bc4+ Kf6
31. Rd1 Ne4 32. Rxe4 fxe4 33. b3 Rc6 34. Re1 Rh4 35. Kh2 Rf4 36. Re2 Rc5 37.
Bxa6 Rxa5 38. Bb7 e3 39. Rxe3 Ra7 40. Be4 {(=)} Rg7 41. Re2 Rd7 42. Bd3 Rdd4
43. g3 Rf1 44. Kg2 Rd1 45. g4 Rf4 46. g5+ Kxg5 1/2-1/2

[Event "Vellmar Int 4th op  A"]
[Site "Vellmar"]
[Date "2012.07.28"]
[Round "5.25"]
[White "Lechnauer, Uwe"]
[Black "Kaplunov, Vadym"]
[Result "0-1"]
[WhiteElo "1939"]
[BlackElo "1985"]
[PlyCount "84"]
[EventDate "2012.07.26"]
[EventType "swiss"]
[EventRounds "7"]
[EventCountry "GER"]

{DWZ: 1839 - 1936(geb.1936)} 1. e4 c5 2. Nf3 d6 3. d4 cxd4 4. c3 Nf6 5. Bd3
dxc3 6. Nxc3 g6 7. e5 dxe5 8. Nxe5 Be6 9. O-O Bg7 10. Qe2 O-O 11. Rd1 Qa5 12.
Bd2 Nbd7 13. Nb5 Qd8 14. Bc3 a6 15. Nd4 Bd5 16. Nxd7 Qxd7 17. Nf3 Qg4 18. Kh1
e6 19. h3 Bxf3 20. hxg4 Bxe2 21. Bxe2 Nd5 22. Bxg7 Kxg7 23. Bf3 Rfd8 24. Rd4
Rd7 25. Rad1 Rad8 26. g5 h6 27. gxh6+ Kxh6 28. Kh2 Kg5 29. Kg3 Kf6 30. a3 a5
31. Kg4 Ke7 32. Kg3 b6 33. Bxd5 Rxd5 34. Rxd5 Rxd5 35. Rxd5 exd5 36. Kf4 Kd6
37. Ke3 Kc5 38. Kd3 a4 39. Kc3 d4+ 40. Kd3 Kd5 41. f3 g5 42. g3 f5 0-1

[Event "Vellmar Int 4th op  A"]
[Site "Vellmar"]
[Date "2012.07.28"]
[Round "5.27"]
[White "Schirra, Maurice"]
[Black "Ziegenfuss, Holger"]
[Result "0-1"]
[WhiteElo "1617"]
[BlackElo "2021"]
[PlyCount "28"]
[EventDate "2012.07.26"]
[EventType "swiss"]
[EventRounds "7"]
[EventCountry "GER"]

{DWZ: 1603(geb.2001) - 1942} 1. e4 c5 2. Nc3 Nc6 3. Bb5 g6 4. Bxc6 bxc6 5. d3
Bg7 6. f4 d5 7. e5 Nh6 8. Nf3 O-O 9. O-O Nf5 10. Qe1 f6 11. Qf2 fxe5 12. Nxe5
Qd6 13. Nf3 Rb8 14. Nh4 Bd4 0-1

[Event "Vellmar Int 4th op  A"]
[Site "Vellmar"]
[Date "2012.07.28"]
[Round "5.28"]
[White "Knoth, Eugen"]
[Black "Hefner, Felix"]
[Result "1/2-1/2"]
[WhiteElo "2019"]
[BlackElo "1847"]
[PlyCount "37"]
[EventDate "2012.07.26"]
[EventType "swiss"]
[EventRounds "7"]
[EventCountry "GER"]

{DWZ: 1854 - 1740} 1. b3 e5 2. Bb2 Nc6 3. e3 d5 4. Bb5 Bd6 5. f4 Qe7 6. Nf3 Bg4
7. Bxc6+ bxc6 8. fxe5 Bxe5 9. Bxe5 Bxf3 10. Qxf3 Qxe5 11. Nc3 Nf6 12. O-O O-O
13. Qf4 Qe7 14. Rf3 Rad8 15. Qg5 h6 16. Qh4 Qe5 17. Raf1 Ne4 18. d4 Qg5 19.
Qxg5 1/2-1/2

[Event "Vellmar Int 4th op  A"]
[Site "Vellmar"]
[Date "2012.07.28"]
[Round "5.30"]
[White "Rolf, Marco"]
[Black "Mueller, Joachim"]
[Result "1/2-1/2"]
[WhiteElo "1888"]
[BlackElo "1956"]
[PlyCount "87"]
[EventDate "2012.07.26"]
[EventType "swiss"]
[EventRounds "7"]
[EventCountry "GER"]

{DWZ: 1794 - 1674} 1. d4 Nf6 2. c4 g6 3. Nc3 Bg7 4. e4 d6 5. Be2 O-O 6. Nf3 Bg4
7. Be3 Nbd7 8. O-O Bxf3 9. Bxf3 e5 10. d5 Ne8 11. Be2 f5 12. f3 Nef6 13. b4 b6
14. Rc1 a5 15. a3 axb4 16. axb4 Ra3 17. c5 bxc5 18. bxc5 fxe4 19. cxd6 cxd6 20.
fxe4 Nxe4 21. Nxe4 Rxe3 22. Bf3 Nf6 23. Ng5 Qb8 24. Qc2 Nd7 25. Ne6 Qb6 26. Kh1
Rf7 27. Qc8+ Nf8 28. Bg4 Qb7 29. Qd8 h5 30. Rxf7 Qxf7 31. Ng5 Qf6 32. Be6+ Kh8
33. Nf7+ Kh7 34. Qxf6 Bxf6 35. Nxd6 Nxe6 36. dxe6 Be7 37. Nc8 Ba3 38. Rf1 Rc3
39. Na7 Kg7 40. g4 Rc1 41. Rxc1 Bxc1 42. gxh5 gxh5 43. Nc6 {(=)} Kf6 44. Nxe5
1/2-1/2